[Event "Women's Speed Chess Q2"]
[Site "chess.com INT"]
[Date "2021.05.29"]
[Round "4"]
[White "Dauletova, Gulmira"]
[Black "Secopito, Catherine"]
[Result "0-1"]
[WhiteTitle "WGM"]
[BlackTitle "WIM"]
[WhiteElo "2285"]
[BlackElo "2075"]
[WhiteFideId "13702971"]
[BlackFideId "5202744"]
[EventDate "2021.05.29"]

1. e4 e5 2. Nf3 Nf6 3. Nxe5 d6 4. Nf3 Nxe4 5. d4 d5 6. Bd3 Be7 7. O-O Nc6 8. c4
Nb4 9. Be2 O-O 10. Nc3 Nxc3 11. bxc3 Nc6 12. cxd5 Qxd5 13. c4 Qf5 14. Bd3 Qh5
15. d5 Bf6 16. Rb1 Ne7 17. Bf4 c6 18. d6 Ng6 19. Bg3 Rd8 20. Re1 b6 21. Be4 Bd7
22. Qa4 Qc5 23. h4 Re8 24. h5 Ne5 25. Rbd1 Nxc4 26. Qc2 h6 27. Rc1 b5 28. Bd3
Be6 29. Nd2 Bg5 30. Ne4 Qb6 31. Nxg5 hxg5 32. Rxe6 Rxe6 33. Bxc4 bxc4 34. Qxc4
Rd8 35. Qxc6 Qxc6 36. Rxc6 Rd7 37. Rc7 Rxc7 38. dxc7 Rc6 39. Kf1 Kf8 40. Ke2 Ke7
41. Kd3 Kd7 42. Kd4 Ra6 43. Ke4 Rxa2 44. Kf5 Ra5+ 45. Kg4 Rb5 46. f4 gxf4 47.
Kxf4 Kxc7 48. Ke4+ Kc6 49. Be5 a5 50. Bxg7 Rxh5 51. Bd4 a4 52. g4 Rb5 0-1

[Event "Women's Speed Chess Q2"]
[Site "chess.com INT"]
[Date "2021.05.29"]
[Round "4"]
[White "Avramidou, Anastasia"]
[Black "Perez Rodriguez, Jennifer"]
[Result "0-1"]
[WhiteTitle "FM"]
[BlackTitle "WIM"]
[WhiteElo "2238"]
[BlackElo "2251"]
[WhiteFideId "4239873"]
[BlackFideId "3507831"]
[EventDate "2021.05.29"]

1. d4 Nf6 2. c4 e6 3. Nc3 d5 4. cxd5 exd5 5. Bg5 Be7 6. e3 c6 7. Bd3 O-O 8. Nf3
Re8 9. Qc2 Ne4 10. Bxe7 Qxe7 11. Ne5 Nf6 12. O-O-O Nbd7 13. f4 Nf8 14. h3 N6d7
15. Rde1 f6 16. Nf3 Nb6 17. g4 Bd7 18. Kb1 Nc8 19. g5 Nd6 20. gxf6 Qxf6 21. Ne5
Bf5 22. Rhg1 Bxd3 23. Qxd3 Qf5 24. Qxf5 Nxf5 25. Rg5 g6 26. Kc2 Kg7 27. Kd3 Kf6
28. Reg1 Ke7 29. Rxf5 gxf5 30. Rg7+ Kd6 31. Rxb7 Re7 32. Rxe7 Kxe7 33. Nxc6+ Kd6
34. Nb4 Rb8 35. a3 a5 36. Nbxd5 Rxb2 37. Kc4 Rh2 38. e4 fxe4 39. Nxe4+ Ke6 40.
Nc7+ Kf5 41. Nd6+ Kxf4 42. Kc5 Rxh3 43. Nc4 h5 44. d5 h4 45. Ne6+ Nxe6+ 46. dxe6
Rg3 47. e7 Rg8 48. Nd6 h3 49. e8=Q Rxe8 50. Nxe8 h2 51. Nd6 h1=Q 52. Nc4 Qc1 53.
Kb5 Ke4 54. Nxa5 Qxa3 55. Nc4 Qb3+ 56. Kc5 Kd3 57. Ne5+ Ke3 58. Nc4+ Kf4 59. Nd6
Ke5 60. Nc4+ Ke6 61. Na5 Qa3+ 62. Kb5 Kd5 63. Nc4 Qb3+ 0-1

[Event "Women's Speed Chess Q2"]
[Site "chess.com INT"]
[Date "2021.05.29"]
[Round "4"]
[White "Mkrtchian, Lilit"]
[Black "Mohota, Nisha"]
[Result "0-1"]
[WhiteTitle "IM"]
[BlackTitle "IM"]
[WhiteElo "2388"]
[BlackElo "2195"]
[WhiteFideId "13300601"]
[BlackFideId "5004330"]
[EventDate "2021.05.29"]

1. e4 Nf6 2. e5 Nd5 3. d4 d6 4. Nf3 dxe5 5. Nxe5 c6 6. Bc4 Nd7 7. Nf3 N7f6 8. h3
Bf5 9. O-O e6 10. Bb3 Bd6 11. c4 Ne7 12. Nc3 h6 13. Re1 O-O 14. Ne5 Bh7 15. Bf4
c5 16. dxc5 Bxc5 17. Qf3 Qc8 18. Bxh6 Nf5 19. Bg5 Nd4 20. Qf4 Nd7 21. Nxd7 Qxd7
22. Rad1 f6 23. Bh4 e5 24. Qg4 Qxg4 25. hxg4 Nxb3 26. axb3 Bc2 27. Rd7 Bxb3 28.
Rxb7 Bxc4 29. Ne4 Bb6 30. Rd1 Rfd8 31. Rxd8+ Rxd8 32. Bxf6 Rd1+ 33. Kh2 gxf6 34.
Nxf6+ Kf8 35. g5 Ba6 36. Nh7+ Ke8 37. Nf6+ Kd8 38. Rh7 Bxf2 39. g6 Bg1+ 40. Kg3
Rd3+ 41. Kg4 Bc8+ 42. Kg5 Rg3+ 43. Kh6 Be3+ 44. Kg7 Rxg2 45. Kf7 Kc7 46. g7 Bb7
47. g8=Q Rxg8 48. Kxg8+ Kb6 49. Nd7+ Kb5 50. Nxe5 Bd5+ 51. Kf8 Bd4 52. Nd7 Bxb2
53. Ke7 Ba3+ 0-1

[Event "Women's Speed Chess Q2"]
[Site "chess.com INT"]
[Date "2021.05.29"]
[Round "4"]
[White "Golubenko, Valentina"]
[Black "Starosta, Martyna"]
[Result "0-1"]
[WhiteTitle "WGM"]
[BlackTitle "WCM"]
[WhiteElo "2209"]
[BlackElo "1910"]
[WhiteFideId "4501993"]
[BlackFideId "21818754"]
[EventDate "2021.05.29"]

1. d4 Nf6 2. g3 e6 3. Bg2 c5 4. Nf3 d5 5. O-O Nc6 6. c4 Bd6 7. cxd5 exd5 8. dxc5
Bxc5 9. Nc3 Be6 10. a3 a6 11. b4 Ba7 12. b5 axb5 13. Nxb5 Bb6 14. Bf4 O-O 15.
Nd6 Nh5 16. Nb5 Nxf4 17. gxf4 Qf6 18. e3 Rfd8 19. Rb1 Bg4 20. Qb3 d4 21. Nbxd4
Bxd4 22. Nxd4 Nxd4 23. exd4 Qxf4 24. d5 Rd7 25. Rfe1 Rad8 26. Re3 Bf5 27. Rbe1
h6 28. h3 Qg5 29. Rg3 Qf6 30. Rf3 Qg6 31. Rg3 Qh5 32. Bf3 Qh4 33. Kh2 Bg6 34.
Rg4 Qf6 35. Reg1 Qe5+ 36. Kh1 Qh5 37. R4g3 Qh4 38. Kh2 Qf4 39. Qe3 Qxe3 40. fxe3
Ra8 41. h4 h5 42. e4 Rxa3 43. R1g2 b5 44. Be2 Rxg3 45. Rxg3 Bxe4 46. Bxh5 g6 47.
Bf3 Bxf3 48. Rxf3 Rxd5 49. Rb3 Rd2+ 50. Kh3 Rd5 51. Kg4 Kg7 52. Rb4 Rc5 53. Kg3
Kf6 54. Kf3 Ke6 55. Kg3 f5 56. Kf3 Kd5 57. Kf4 Rc4+ 58. Rxc4 bxc4 59. Kg5 c3 60.
Kxg6 c2 61. h5 c1=Q 62. h6 Qxh6+ 63. Kxh6 f4 0-1

[Event "Women's Speed Chess Q2"]
[Site "chess.com INT"]
[Date "2021.05.29"]
[Round "4"]
[White "Padmini, Rout"]
[Black "Narva, Mai"]
[Result "0-1"]
[WhiteTitle "IM"]
[BlackTitle "WIM"]
[WhiteElo "2370"]
[BlackElo "2276"]
[WhiteFideId "5029295"]
[BlackFideId "4500512"]
[EventDate "2021.05.29"]

1. e4 c5 2. Nf3 d6 3. c3 Nf6 4. Be2 g6 5. O-O Bg7 6. Bb5+ Bd7 7. Bxd7+ Nbxd7 8.
Re1 c4 9. b3 b5 10. Qe2 Nb6 11. Na3 O-O 12. Nxb5 e6 13. bxc4 a6 14. Nbd4 Nfd7
15. Nc2 Qc7 16. Ne3 Nc5 17. Ng4 h5 18. Nh6+ Kh7 19. d4 Nca4 20. Ng5+ Kh8 21.
Nhxf7+ Rxf7 22. Nxf7+ Qxf7 23. Bd2 Rc8 24. c5 dxc5 25. e5 a5 26. Qb5 cxd4 27.
cxd4 Nc4 28. Rac1 Nab2 29. Be3 Nd3 30. Rxc4 Rxc4 31. Qxc4 Nxe1 32. Qe2 Nxg2 33.
Kxg2 Qb7+ 34. Qf3 Qb2 35. Qf7 Qxa2 36. Qxg6 Qd5+ 37. Kg3 a4 38. Qxh5+ Kg8 39.
Qe8+ Kh7 40. Qh5+ Kg8 41. Qf3 Qc4 42. Qa8+ Kh7 43. Qe4+ Kg8 44. f4 Qb3 45. Kg4
a3 46. Kh5 a2 47. Qa8+ Kh7 48. Qe4+ Kh8 49. Qa8+ Kh7 50. Qe4+ Kg8 51. Qa8+ Kf7
52. Qa7+ Ke8 53. Qa8+ Kd7 54. Qa7+ Kc6 55. d5+ Kxd5 56. Qd7+ Ke4 57. Bd4 Qh3+
58. Kg6 Qh6+ 59. Kf7 Qh7 60. Ba1 Bxe5+ 61. Kxe6 Qxd7+ 62. Kxd7 Bxa1 63. Ke6 Bb2
64. f5 a1=Q 65. f6 Qf1 66. f7 Ba3 67. h4 Qf5# 0-1

[Event "Women's Speed Chess Q2"]
[Site "chess.com INT"]
[Date "2021.05.29"]
[Round "4"]
[White "Ambartsumova, Karina"]
[Black "Arpita, Mukherjee"]
[Result "0-1"]
[WhiteTitle "IM"]
[BlackTitle "WIM"]
[WhiteElo "2382"]
[BlackElo "2206"]
[WhiteFideId "4166299"]
[BlackFideId "5056403"]
[EventDate "2021.05.29"]

1. c4 e5 2. Nc3 Nf6 3. Nf3 Nc6 4. a3 d5 5. cxd5 Nxd5 6. Qc2 Be6 7. e4 Nxc3 8.
dxc3 Be7 9. Bb5 f6 10. O-O O-O 11. Bxc6 bxc6 12. Be3 Qe8 13. Nd2 Qg6 14. Kh1 Kh8
15. b4 f5 16. exf5 Bxf5 17. Qb3 Rad8 18. Rae1 Bd3 19. Rg1 Bh4 20. Bc5 Rxf2 21.
Bxf2 Bxf2 22. Rxe5 Bxg1 23. Kxg1 h6 24. Qe6 Qxe6 25. Rxe6 Bf5 26. Re2 Rd3 27.
Ne4 Bxe4 28. Rxe4 Rxc3 29. Re7 Rxa3 30. Rxc7 Rb3 31. Rxc6 Rxb4 32. Ra6 Rb7 33.
h4 Kg8 34. Kf2 Kf8 35. h5 Ke8 36. g4 Kd8 37. Kf3 Kc8 38. Kf4 Rf7+ 39. Kg3 Kb7
40. Ra1 Rf8 41. g5 Ra8 42. Kg4 a5 43. gxh6 gxh6 44. Kf5 Ra6 45. Ra4 Kc7 46. Rg4
a4 47. Rg6 Kb7 48. Rg7+ Ka8 49. Rg8+ Kb7 50. Rg7+ Kb6 51. Rg6+ Kb5 52. Rg3 a3
53. Rg1 a2 54. Ra1 Kc4 55. Rxa2 Rxa2 56. Kg6 Ra6+ 57. Kg7 Kd5 58. Kh7 Ke5 59.
Kg7 Kf5 60. Kh7 Kg5 61. Kg7 Kxh5 62. Kh7 Kg4 63. Kg7 0-1

[Event "Women's Speed Chess Q2"]
[Site "chess.com INT"]
[Date "2021.05.29"]
[Round "4"]
[White "Golubeva, Oksana"]
[Black "Samaganova, Alexandra"]
[Result "1/2-1/2"]
[WhiteTitle "WFM"]
[BlackTitle "WFM"]
[WhiteElo "2179"]
[BlackElo "1993"]
[WhiteFideId "4170164"]
[BlackFideId "13800221"]
[EventDate "2021.05.29"]

1. Nf3 c5 2. e3 Nf6 3. c4 e6 4. Nc3 Nc6 5. d4 d5 6. a3 cxd4 7. exd4 Be7 8. Be3
O-O 9. Qc2 a6 10. Rd1 Bd7 11. cxd5 exd5 12. Bd3 Rc8 13. O-O b5 14. Ne5 b4 15.
Nxc6 Rxc6 16. axb4 Bxb4 17. Qe2 Bxc3 18. bxc3 Rxc3 19. Bxa6 Bg4 20. f3 Re8 21.
Rd3 Rxd3 22. Bxd3 Bh5 23. Qf2 Qe7 24. Bg5 Qd6 25. Qh4 Bg6 26. Bb5 Rc8 27. Bf4
Qb4 28. Ba6 Qxd4+ 29. Kh1 Ra8 30. Rc1 h6 31. Bf1 Qb2 32. Qe1 Ra2 33. Rd1 Kh7 34.
Be5 Qb3 35. Bxf6 gxf6 36. Rd4 Qb2 37. Qd1 Kg7 38. Qe1 Ra1 39. Rd1 Ra2 40. Rxd5
Qc2 41. Rd7 Qf5 42. Rd1 Qc2 43. h3 Qf5 44. Rd2 Ra5 45. Re2 Qg5 46. Kh2 Re5 47.
Qg3 Qxg3+ 48. Kxg3 Rxe2 49. Bxe2 Bb1 50. f4 Bg6 51. Bc4 Be4 52. Kf2 Bf5 53. g4
Bc2 54. Ke3 Bb1 55. h4 Bc2 56. Kd4 Bd1 57. g5 hxg5 58. fxg5 fxg5 59. hxg5 Kg6
60. Bxf7+ Kxf7 61. g6+ Kxg6 1/2-1/2

[Event "Women's Speed Chess Q2"]
[Site "chess.com INT"]
[Date "2021.05.29"]
[Round "4"]
[White "Kiolbasa, Oliwia"]
[Black "Linares Napoles, Oleiny"]
[Result "0-1"]
[WhiteTitle "WIM"]
[BlackTitle "WGM"]
[WhiteElo "2255"]
[BlackElo "2255"]
[WhiteFideId "1154613"]
[BlackFideId "3504794"]
[EventDate "2021.05.29"]

1. e4 g6 2. d4 Bg7 3. Nc3 d6 4. Be3 a6 5. Qd2 b5 6. O-O-O Bb7 7. f3 Nd7 8. g4
Rc8 9. h4 h6 10. Nh3 b4 11. Ne2 a5 12. Nhf4 c5 13. dxc5 Nxc5 14. Ng3 Qc7 15.
Bb5+ Bc6 16. Nd5 Qb7 17. Bxc6+ Qxc6 18. Rh2 Nf6 19. h5 b3 20. Kb1 bxa2+ 21. Kxa2
Nxd5 22. exd5 Qa4+ 23. Kb1 Bxb2 24. Bd4 Bxd4 25. Qxd4 Rb8+ 26. Kc1 Qxd4 27. Rxd4
a4 28. Ne4 Nxe4 29. fxe4 Ra8 30. Kb2 gxh5 31. Rxh5 a3+ 32. Ka2 Kd7 33. Rd3 Rhc8
34. Rh2 Rc4 35. Rxa3 Rxa3+ 36. Kxa3 Rxe4 37. Rxh6 Rxg4 38. Rh7 f6 39. Kb3 Rg3+
40. Kb4 Rg2 41. c4 Rg1 42. Kc3 Rc1+ 43. Kd3 Ke8 44. Rg7 Kf8 45. Rh7 Re1 46. Kd2
Re5 47. Kd3 Kg8 48. Rh1 f5 49. Kd4 Kf7 50. Rf1 Kf6 51. Rh1 Re4+ 52. Kd3 Rg4 53.
Rh6+ Rg6 54. Rh8 f4 55. Rf8+ Ke5 56. Rf7 e6 57. dxe6 Rxe6 58. Rf8 Rh6 0-1

[Event "Women's Speed Chess Q2"]
[Site "chess.com INT"]
[Date "2021.05.29"]
[Round "4"]
[White "Buksa, Nataliya"]
[Black "Eswaran, Ashritha"]
[Result "1/2-1/2"]
[WhiteTitle "IM"]
[BlackTitle "WIM"]
[WhiteElo "2414"]
[BlackElo "2244"]
[WhiteFideId "14123622"]
[BlackFideId "2080788"]
[EventDate "2021.05.29"]

1. e4 c5 2. c3 d5 3. exd5 Qxd5 4. Nf3 g6 5. d4 Bg7 6. Nbd2 cxd4 7. Bc4 Qd8 8.
Nb3 Nf6 9. Nbxd4 O-O 10. O-O a6 11. a4 Nbd7 12. Re1 Qc7 13. Bb3 e5 14. Ne2 Nc5
15. Bc4 Rd8 16. Bxf7+ Kxf7 17. Nxe5+ Kg8 18. Nd4 Nfe4 19. Nef3 Bg4 20. b4 Nxc3
21. Qc2 Rxd4 22. Nxd4 Bxd4 23. bxc5 Ne2+ 24. Rxe2 Bxe2 25. Bb2 Bxb2 26. Qxb2 Bc4
27. Rc1 Bf7 28. h4 Re8 29. h5 Re7 30. h6 Bd5 31. Qb4 Qe5 32. c6 Bxc6 33. Qb6 Re8
34. Rd1 Qg5 35. Qb3+ Kh8 36. Qc3+ Qe5 37. Qb3 Qe4 38. Qc3+ Qe5 39. Qb3 Rf8 40.
Qb4 Qf6 41. Rd2 Re8 42. Rd1 Re2 43. Qc5 Re5 44. Qb6 Re8 45. Qc5 Kg8 46. Qc4+ Qe6
47. Qc5 Qe4 48. f3 Qe3+ 49. Qxe3 Rxe3 50. Rd8+ Kf7 51. Rh8 Ra3 52. Rxh7+ Kg8 53.
Rg7+ Kh8 54. Rxg6 Rxa4 55. Kf2 Ra2+ 56. Kg3 Ra1 57. Kf4 Ra5 58. g4 Rd5 59. Re6
Kh7 60. g5 a5 61. Re7+ Kh8 62. g6 Rd8 63. Kg5 Bxf3 64. h7 Be4 65. Kh6 Bxg6 66.
Kxg6 Ra8 67. Rxb7 a4 68. Rb2 a3 69. Ra2 Ra6+ 70. Kf5 Kxh7 71. Ke4 Ra5 72. Kd3
Ra7 73. Kc3 Rd7 74. Kb3 Rg7 75. Kxa3 Ra7+ 76. Kb3 Rxa2 77. Kxa2 1/2-1/2

[Event "Women's Speed Chess Q2"]
[Site "chess.com INT"]
[Date "2021.05.29"]
[Round "4"]
[White "Serikbay, Assel"]
[Black "Mordido, Kylen Joy"]
[Result "0-1"]
[WhiteTitle "WIM"]
[BlackTitle "WIM"]
[WhiteElo "2228"]
[BlackElo "2014"]
[WhiteFideId "13706799"]
[BlackFideId "5219086"]
[EventDate "2021.05.29"]

1. d4 Nf6 2. c4 c5 3. d5 b5 4. cxb5 a6 5. bxa6 g6 6. Nc3 Bxa6 7. g3 d6 8. Bg2
Bg7 9. Nf3 Nbd7 10. h3 O-O 11. O-O Nb6 12. Re1 Qc7 13. e4 Nfd7 14. Qc2 Rfb8 15.
Nd2 Ne5 16. Bf1 Qc8 17. Kg2 Bxf1+ 18. Rxf1 Qa6 19. a4 Nbc4 20. Nxc4 Qxc4 21. Rd1
Qb3 22. Qxb3 Rxb3 23. Ra2 Nc4 24. Nb5 Rxb5 25. axb5 Rxa2 26. Rd3 Nb6 27. Ra3
Rxa3 28. bxa3 Bc3 29. Kf1 Kg7 30. Ke2 e6 31. Bf4 exd5 32. Bxd6 c4 33. exd5 Nxd5
34. a4 Ba5 35. Bc5 Nc3+ 36. Ke3 Nxa4 37. Bd4+ Kf8 38. Ke2 Nc3+ 39. Bxc3 Bxc3 40.
b6 Be5 41. f4 Bb8 42. Kd2 Ke7 43. Kc3 Kd6 44. Kxc4 Kc6 45. Kd4 Bd6 46. Ke4 Kxb6
47. f5 Kc7 48. g4 Kd7 49. fxg6 fxg6 50. h4 Ke6 51. h5 g5 52. Kf3 h6 53. Ke4 Bf4
54. Kd4 Be5+ 55. Ke4 Bf6 56. Kf3 Ke5 57. Ke3 Be7 58. Kf3 Kd4 59. Kg3 Ke4 60. Kh3
Kf4 61. Kh2 Kxg4 62. Kg2 Kxh5 0-1

[Event "Women's Speed Chess Q2"]
[Site "chess.com INT"]
[Date "2021.05.29"]
[Round "4"]
[White "Priyanka, K"]
[Black "Frattini, Beatriz Maria"]
[Result "1-0"]
[WhiteTitle "WIM"]
[BlackTitle "WCM"]
[WhiteElo "2218"]
[BlackElo "1854"]
[WhiteFideId "5082986"]
[BlackFideId "22715002"]
[EventDate "2021.05.29"]

1. e4 c5 2. Nf3 d6 3. d4 cxd4 4. Nxd4 Nf6 5. Nc3 Nc6 6. Be2 e5 7. Nf3 Be7 8. O-O
O-O 9. h3 h6 10. Nh2 Be6 11. Be3 Nd7 12. Bg4 f5 13. exf5 Bxf5 14. Bxf5 Rxf5 15.
Nd5 Bf8 16. Qd3 Rf7 17. Rad1 Nf6 18. Ng4 Nxd5 19. Qxd5 Qc7 20. c3 Kh8 21. Rfe1
Re8 22. Bc1 Rf5 23. Ne3 Rf6 24. Qd3 Ne7 25. Ng4 Rf7 26. Qxd6 Qxd6 27. Rxd6 Nc6
28. Rd5 Rfe7 29. Re4 Kh7 30. Kf1 Kg6 31. Ke2 Kf5 32. f3 g5 33. h4 Bg7 34. hxg5
hxg5 35. Ne3+ Kg6 36. Rd6+ Re6 37. Rxe6+ Rxe6 38. Rg4 Bf6 39. Nd5 Ne7 40. Nxf6
Kxf6 41. Bxg5+ Kf5 42. Bxe7 Rxe7 43. Re4 Rg7 44. g4+ Kf6 45. Rb4 Rd7 46. Ke3 Kg5
47. Rb5 Kf6 48. f4 exf4+ 49. Kxf4 b6 50. Rf5+ Kg6 51. Re5 Rd2 52. Re6+ Kf7 53.
Rc6 Rf2+ 54. Kg5 Rxb2 55. Rc7+ Ke6 56. Rxa7 Rc2 57. Rb7 Rxa2 58. Rxb6+ Kf7 59.
Rb7+ Ke6 60. Kg6 Rc2 61. Rc7 1-0

[Event "Women's Speed Chess Q2"]
[Site "chess.com INT"]
[Date "2021.05.29"]
[Round "4"]
[White "Osmak, Iulija"]
[Black "Assaubayeva, Bibisara"]
[Result "0-1"]
[WhiteTitle "IM"]
[BlackTitle "IM"]
[WhiteElo "2425"]
[BlackElo "2381"]
[WhiteFideId "14101602"]
[BlackFideId "13708694"]
[EventDate "2021.05.29"]

1. e4 c5 2. b3 d6 3. Bb2 Nc6 4. Bb5 Nf6 5. Bxc6+ bxc6 6. d3 g6 7. f4 Bg7 8. Nf3
O-O 9. O-O c4 10. bxc4 Ng4 11. Bxg7 Kxg7 12. Qe2 Qb6+ 13. Kh1 Qb2 14. Nbd2 Qxc2
15. Rfc1 Qxd3 16. Qxd3 Nf2+ 17. Kg1 Nxd3 18. Rc3 Nc5 19. Kf2 Rb8 20. Ra3 a6 21.
Ke3 Be6 22. Nd4 Rb2 23. Nxc6 Re8 24. Re1 Bd7 25. Nd4 e5 26. fxe5 Rxe5 27. N4b3
Nxe4 28. Nxe4 f5 29. Nd2 Bc6 30. Kd4 Bxe4 31. Nxe4 fxe4 32. Rxa6 Rd2+ 33. Ke3
Rxg2 34. Rxd6 Rxa2 35. Kf4 Rf5+ 36. Kxe4 Rxh2 37. Rd7+ Kf6 38. Red1 Rh4+ 39. Kd3
Rf3+ 40. Ke2 Rc3 41. R1d6+ Kg5 42. Rd5+ Kh6 43. c5 Rh2+ 44. Kd1 Ra3 45. Ke1 Raa2
46. Rd2 Ra1+ 47. Rd1 Ra5 48. R7d5 Rc2 49. R1d2 Raxc5 50. Rh2+ Rxh2 51. Rxc5 g5
52. Kf1 Kh5 53. Kg1 Ra2 54. Rc4 Kg6 55. Rb4 h5 56. Rb6+ Kf5 57. Rb5+ Kg4 58.
Rb4+ Kh3 59. Rb3+ Kh4 60. Rb4+ g4 61. Rb3 g3 62. Rb5 Kg4 63. Rc5 h4 64. Rb5 Kh3
65. Rb1 Re2 66. Kf1 Re4 67. Kg1 Kg4 68. Kf1 h3 69. Kg1 Ra4 70. Rc1 Re4 71. Rb1
Kf3 72. Rb3+ Re3 73. Rb1 h2+ 74. Kh1 Kf2 75. Rb2+ Re2 76. Rxe2+ Kxe2 77. Kg2 Ke3
78. Kh1 Kf4 79. Kg2 Kg4 80. Kh1 Kf4 81. Kg2 h1=Q+ 82. Kxh1 Kf3 83. Kg1 g2 0-1

[Event "Women's Speed Chess Q2"]
[Site "chess.com INT"]
[Date "2021.05.29"]
[Round "5"]
[White "Ortez, Andrea"]
[Black "Golubenko, Valentina"]
[Result "0-1"]
[WhiteTitle "WIM"]
[BlackTitle "WGM"]
[WhiteElo "1969"]
[BlackElo "2209"]
[WhiteFideId "6702392"]
[BlackFideId "4501993"]
[EventDate "2021.05.29"]

1. e4 e6 2. d4 d5 3. Nd2 c5 4. c3 cxd4 5. cxd4 Nc6 6. Ngf3 Nf6 7. e5 Nd7 8. a3
f6 9. exf6 Nxf6 10. Bd3 Bd6 11. O-O O-O 12. Re1 Qc7 13. Nf1 e5 14. dxe5 Nxe5 15.
Nxe5 Bxe5 16. Rb1 Ng4 17. f3 Bxh2+ 18. Nxh2 Qxh2+ 19. Kf1 Qh1+ 0-1

[Event "Women's Speed Chess Q2"]
[Site "chess.com INT"]
[Date "2021.05.29"]
[Round "5"]
[White "Belenkaya, Dina"]
[Black "Martynkova, Olena"]
[Result "1-0"]
[WhiteTitle "WGM"]
[BlackTitle "WIM"]
[WhiteElo "2304"]
[BlackElo "2195"]
[WhiteFideId "24142654"]
[BlackFideId "14134039"]
[EventDate "2021.05.29"]

1. e4 e5 2. Nf3 Nc6 3. Bb5 a6 4. Ba4 Nf6 5. d3 d6 6. c3 Bd7 7. Nbd2 g6 8. b4 Bg7
9. O-O O-O 10. Re1 b5 11. Bb3 a5 12. bxa5 Nxa5 13. Bb2 c5 14. d4 exd4 15. cxd4
c4 16. Bc2 b4 17. e5 c3 18. exf6 Bxf6 19. Bc1 cxd2 20. Bxd2 Nc6 21. Be4 Nxd4 22.
Nxd4 Bxd4 23. Bxa8 Bxa1 24. Qxa1 Qxa8 25. Bh6 f6 26. Bxf8 1-0

[Event "Women's Speed Chess Q2"]
[Site "chess.com INT"]
[Date "2021.05.29"]
[Round "5"]
[White "Klinova, Masha"]
[Black "Padmini, Rout"]
[Result "0-1"]
[WhiteTitle "IM"]
[BlackTitle "IM"]
[WhiteElo "2275"]
[BlackElo "2370"]
[WhiteFideId "2802015"]
[BlackFideId "5029295"]
[EventDate "2021.05.29"]

1. e4 c5 2. Nf3 e6 3. c4 Nc6 4. Nc3 g5 5. h3 Bg7 6. d3 h6 7. Be2 Nge7 8. O-O d6
9. Be3 Nd4 10. Rb1 Nec6 11. a3 O-O 12. Nb5 a6 13. Nbxd4 cxd4 14. Bd2 f5 15. exf5
exf5 16. b4 g4 17. hxg4 fxg4 18. Nh2 h5 19. g3 Ne5 20. Bf4 Rxf4 21. gxf4 Ng6 22.
Qd2 Qf6 23. Kh1 Bh6 24. c5 Bxf4 25. Qa2+ Be6 26. Qb2 Qh4 0-1

[Event "Women's Speed Chess Q2"]
[Site "chess.com INT"]
[Date "2021.05.29"]
[Round "5"]
[White "Borisova, Ekaterina"]
[Black "Arakhamia-Grant, Ketevan"]
[Result "1-0"]
[WhiteTitle "FM"]
[BlackTitle "GM"]
[WhiteElo "2268"]
[BlackElo "2380"]
[WhiteFideId "34124184"]
[BlackFideId "13600168"]
[EventDate "2021.05.29"]

1. d4 Nf6 2. c4 g6 3. Nc3 Bg7 4. Nf3 d6 5. g3 O-O 6. Bg2 Nc6 7. O-O e5 8. d5 Ne7
9. e4 Ne8 10. Ne1 f5 11. Nd3 Nf6 12. Bg5 h6 13. Bxf6 Bxf6 14. f4 exf4 15. Nxf4
c5 16. dxc6 bxc6 17. Qd2 Rb8 18. b3 Bg7 19. Rad1 Qa5 20. Qxd6 Qxc3 21. Qxb8 fxe4
22. Qc7 Nf5 23. Nxg6 Re8 24. Qxc6 1-0

[Event "Women's Speed Chess Q2"]
[Site "chess.com INT"]
[Date "2021.05.29"]
[Round "5"]
[White "Ovezdurdiyeva, Jemal"]
[Black "Dauletova, Gulmira"]
[Result "1-0"]
[WhiteTitle "WFM"]
[BlackTitle "WGM"]
[WhiteElo "2061"]
[BlackElo "2285"]
[WhiteFideId "14001888"]
[BlackFideId "13702971"]
[EventDate "2021.05.29"]

1. d4 Nf6 2. c4 e6 3. Nc3 Bb4 4. e3 O-O 5. Ne2 d5 6. a3 Be7 7. Nf4 Re8 8. Bd3 a5
9. O-O Na6 10. Qf3 c6 11. h3 Nc7 12. Rd1 Rb8 13. e4 dxe4 14. Nxe4 Qxd4 15. Ne2
Qa7 16. Bf4 b5 17. cxb5 cxb5 18. Be5 Nxe4 19. Qxe4 f5 20. Qf4 Nd5 21. Bxb8 Nxf4
22. Bxa7 Nxd3 23. Rxd3 Bf6 24. Bd4 e5 25. Bc3 a4 26. Rd5 Ba6 27. Ng3 g6 28. Re1
Bb7 29. Rxb5 Ba8 30. Bxe5 Bc6 31. Rc5 Bb7 32. f4 Bh4 33. Re3 Rd8 34. Rc7 Ba8 35.
Rg7+ Kf8 36. Rxh7 1-0

[Event "Women's Speed Chess Q2"]
[Site "chess.com INT"]
[Date "2021.05.29"]
[Round "5"]
[White "Vine, Elzbieta"]
[Black "Lujan, Carolina"]
[Result "0-1"]
[WhiteTitle "WFM"]
[BlackTitle "IM"]
[WhiteElo "2138"]
[BlackElo "2346"]
[WhiteFideId "1119320"]
[BlackFideId "109878"]
[EventDate "2021.05.29"]

1. e4 c5 2. Nc3 Nc6 3. f4 g6 4. Bc4 Bg7 5. Nf3 e6 6. O-O Nge7 7. f5 d5 8. exd5
exd5 9. fxg6 hxg6 10. Bd3 Be6 11. Ng5 Qd6 12. g3 Bd4+ 13. Kg2 Qd7 14. Qf3 Ne5
15. Qf4 Bh3+ 16. Kh1 Bxf1 17. Bxf1 O-O-O 18. a4 Ng4 19. Nb5 Rxh2# 0-1

[Event "Women's Speed Chess Q2"]
[Site "chess.com INT"]
[Date "2021.05.29"]
[Round "5"]
[White "Nomin-Erdene, Davaademberel"]
[Black "Marjanovic, Annamaria"]
[Result "1-0"]
[WhiteTitle "IM"]
[BlackTitle "WGM"]
[WhiteElo "2382"]
[BlackElo "2338"]
[WhiteFideId "4900782"]
[BlackFideId "750930"]
[EventDate "2021.05.29"]

1. f4 d5 2. Nf3 Nf6 3. g3 Bg4 4. Bg2 Bxf3 5. Bxf3 Nbd7 6. d3 g6 7. O-O Bg7 8. e4
e6 9. c3 O-O 10. Qe2 dxe4 11. dxe4 c5 12. e5 Nd5 13. c4 Nb4 14. Bxb7 Rb8 15. Bg2
Nb6 16. Rd1 Qc7 17. Be3 Rfd8 18. Nc3 Bf8 19. Nb5 Qe7 20. Nd6 Qc7 21. a3 Na6 22.
Nb5 Qe7 23. Rd6 Rxd6 24. exd6 Qd7 25. Rd1 Nxc4 26. Qxc4 Rxb5 27. b4 Bxd6 28.
Rxd6 Qxd6 29. Qxb5 cxb4 30. Bf1 Nc7 31. Qxb4 Qd8 32. Bxa7 Nd5 33. Qb8 1-0

[Event "Women's Speed Chess Q2"]
[Site "chess.com INT"]
[Date "2021.05.29"]
[Round "5"]
[White "Nikolova, Adriana"]
[Black "Obregon Garcia, Roxangel"]
[Result "1-0"]
[WhiteTitle "WGM"]
[BlackTitle "WIM"]
[WhiteElo "2243"]
[BlackElo "2167"]
[WhiteFideId "2908689"]
[BlackFideId "3520420"]
[EventDate "2021.05.29"]

1. e4 c5 2. Nf3 Nc6 3. c3 d5 4. exd5 Qxd5 5. d4 Bf5 6. Be3 cxd4 7. Nxd4 e6 8.
Nxf5 Qxd1+ 9. Kxd1 exf5 10. Bd3 g6 11. Re1 O-O-O 12. Kc2 Bd6 13. g3 Nge7 14. Bg5
Rhe8 15. Bc4 Ne5 16. Rxe5 Bxe5 17. Bxf7 Nc6 18. Bxe8 Rxe8 19. Nd2 Bc7 20. Be3 b6
21. Nc4 Ne5 22. Nxe5 Bxe5 23. Rd1 Kc7 24. Re1 Bd6 25. Bxb6+ Kd7 26. Rxe8 Kxe8
27. Bxa7 Kd7 28. Bd4 Kc6 29. b4 Kd5 30. a4 Bc7 31. a5 Kc4 32. a6 1-0

[Event "Women's Speed Chess Q2"]
[Site "chess.com INT"]
[Date "2021.05.29"]
[Round "5"]
[White "Cori T., Deysi"]
[Black "Perez Rodriguez, Jennifer"]
[Result "1-0"]
[WhiteTitle "WGM"]
[BlackTitle "WIM"]
[WhiteElo "2388"]
[BlackElo "2251"]
[WhiteFideId "3801934"]
[BlackFideId "3507831"]
[EventDate "2021.05.29"]

1. d4 d5 2. Nf3 Nf6 3. c4 c6 4. e3 e6 5. Nbd2 Be7 6. Bd3 O-O 7. O-O dxc4 8. Nxc4
b5 9. Nce5 Bb7 10. Qe2 Nbd7 11. Rd1 a6 12. a4 b4 13. e4 c5 14. Nxd7 Nxd7 15. e5
Qb6 16. Be3 Rfd8 17. a5 Qc6 18. Rac1 Rac8 19. Bb1 c4 20. d5 exd5 21. Nd4 Qc7 22.
e6 Nf6 23. exf7+ Kxf7 24. Bg5 Qd7 25. Bf5 Qd6 26. Be6+ Kf8 27. Nf5 Qc5 28. Bxf6
Bxf6 29. Qh5 d4 30. Qf7# 1-0